000 00518nam a2200157Ia 4500
001 2506
008 220818s1889 ii a g b000 u 465 u
082 _a520
100 _aThibaut, G .
245 0 _aPanchasiddhantika: the astronomical work of Varaha Mihira /
_cG. Thibaut and Mahamahopadhyaya Sudhakara Dvivedi ed.
_hTextual Documents
250 _a1st ed /
260 _aBenaras :
_bE. J. Lazarus and co. ,
_c1889.
300 _a105p. :
_bill ;
_c29cm .
653 _aAstronomy - work of Varaha Mihira
942 _2ddc
_cBK
999 _c2499
_d2499